000 00754nam a22001697a 4500
999 _c61036
_d61036
005 20231211101626.0
008 231211s1973 ru ||||| |||| 00| 0 rus d
041 _arus
080 _a7.032(477+470.62/67) С-59
100 _aСоколов, Г.И.
_920650
245 _aАнтичное Причерноморье :
_bПамятники архитектуры, скульптуры, живописи и прикладного искусства /
_cГ.И. Соколов.
264 _aЛ.:
_b«Аврора».
_c1973.
300 _a192 с.:
_bил.;
_c36 см.
653 _aუძველესი შავი ზღვის რეგიონი
653 _aხელოვნების ძეგლები
942 _2udc
_cᲬᲘᲒᲜᲘ